000 00650nam a2200205 a 4500
005 20210219160145.0
008 080918s1974 mx r 000 0 spa d
020 _a9231011294
035 _aUPN01000159690
049 _aUNE
080 _a371.7 =20 TUR No.13
100 1 _aTurner, Clair Elsmere
245 1 0 _aCurriculum planning and some current health problems /
_cClair Elsmere Turner ; Warren H. Southworth.
260 _aParis :
_bUNESCO,
_c1974.
300 _a35 p.
440 0 _aEducational studies and documents, new series ;
_v13.
690 _aPlanificacion del curriculo- Educacion sanitaria
710 2 _aUNESCO
905 _aUNESCO
999 _c131804
_d131804